000 00317nam a2200097Ia 4500
008 220120s9999||||xx |||||||||||||| ||und||
100 _aRashmi, B.M
_912060
245 0 _aMicrocontroller based control card for antenna routing unit
260 _aCoorg Institute of Technology
_bPonnampet
_c2002
650 _aCOMPUTER SCIENCE
999 _c137644
_d137644